Ferreras convencido con critico desengaño en el tribunal de los doctos (Record no. 151921)
[ view plain ]
| 000 -LEADER | |
|---|---|
| campo de control de longitud fija | 01260nam a2200253 i 4500 |
| 001 - NÚMERO DE CONTROL | |
| campo de control | 151921 |
| 003 - IDENTIFICADOR DE NÚMERO DE CONTROL | |
| campo de control | ES-MaACL |
| 005 - FECHA Y HORA DE LA ÚLTIMA TRANSACCIÓN | |
| campo de control | 20251203063032.0 |
| 008 - DATOS DE LONGITUD FIJA--INFORMACIÓN GENERAL | |
| campo de control de longitud fija | 931025s1729 sp |||| | spa d |
| 040 ## - FUENTE DE CATALOGACIÓN | |
| Centro catalogador/agencia de origen | CYL |
| Lengua de catalogación | spa |
| Centro/agencia transcriptor | PAB |
| 100 1# - ENTRADA PRINCIPAL--NOMBRE DE PERSONA | |
| Nombre de persona | Berganza, Francisco de, |
| Fechas asociadas al nombre | 1663-1738 |
| 9 (RLIN) | 27932 |
| 245 10 - MENCIÓN DEL TÍTULO | |
| Título | Ferreras convencido con critico desengaño en el tribunal de los doctos |
| Resto del título | : con los chronicones corregidos que escribieron el rey don Alonso III ... , Sampiro obispo de Astorga, Pelagio obispo de Oviedo, Isidoro obispo pacense ... / |
| Mención de responsabilidad, etc. | por P. M. Fr. Francisco de Berganza ... de la religion de San Benito... |
| 260 ## - PUBLICACIÓN, DISTRIBUCIÓN, ETC. | |
| Lugar de publicación, distribución, etc. | En Madrid : |
| Nombre del editor, distribuidor, etc. | en la imprenta de Francisco del Hierro, |
| Fecha de publicación, distribución, etc. | 1729. |
| 300 ## - DESCRIPCIÓN FÍSICA | |
| Extensión | [44], 491, [1] en bl., [12] p. ; |
| Dimensiones | 4º. |
| 530 ## - NOTA DISPONIBLE DE FORMULARIO FÍSICO ADICIONAL | |
| Nota de formato físico adicional disponible | Disponible en formato digital. |
| 597 ## - NOTA DE DESCRIPCIÓN FÍSICA | |
| NOTA DE DESCRIPCIÓN FÍSICA | Sign.: [¶-4¶4, 5¶6, A-Z4, Aa-Zz4, Aaa-Ooo4, Ppp-Qqq6. |
| 597 ## - NOTA DE DESCRIPCIÓN FÍSICA | |
| NOTA DE DESCRIPCIÓN FÍSICA | Port. orlada. |
| 597 ## - NOTA DE DESCRIPCIÓN FÍSICA | |
| NOTA DE DESCRIPCIÓN FÍSICA | Texto con apostillas marginales. |
| 600 14 - PUNTO DE ACCESO ADICIONAL DE MATERIA--NOMBRE DE PERSONA | |
| Nombre de persona | Ferreras, Juan de- |
| Subdivisión de forma | Crítica e interpretación. |
| 9 (RLIN) | 127066 |
| 650 07 - PUNTO DE ACCESO ADICIONAL DE MATERIA--TÉRMINO DE MATERIA | |
| Término de materia o nombre geográfico como elemento de entrada | Historia eclesiástica |
| Fuente del encabezamiento o término | embne |
| 9 (RLIN) | 13400 |
| 852 ## - LOCALIZACIÓN | |
| Ubicación | ES-MaACL |
| Número de control de estantería | R-1192 |
| Nota libre | -- Enc. perg. |
| Encuadernación | -- Olim: G-7139 |
| 856 ## - LOCALIZACIÓN Y ACCESO ELECTRÓNICOS | |
| Identificador Uniforme de Recursos | <a href="http://bdh-rd.bne.es/viewer.vm?id=0000146081&page=1 ">http://bdh-rd.bne.es/viewer.vm?id=0000146081&page=1 </a> |
| Nota pública | Biblioteca Digital Hispánica |
| Estatus retirado | Estado de pérdida | Estado de daño | No para préstamo | Colección | Biblioteca de origen | Biblioteca actual | Ubicación en estantería | Fecha de adquisición | Fuente de adquisición | Total de préstamos | Signatura topográfica completa | Código de barras | Visto por última vez | Precio de reemplazo | Tipo de ítem Koha |
|---|---|---|---|---|---|---|---|---|---|---|---|---|---|---|---|
| Colección digital | Biblioteca del Ateneo de Madrid | Biblioteca del Ateneo de Madrid | Depósito | 17/01/2008 | R-1192 | 1158572 | 23/02/2023 | 23/02/2023 | Libro impreso antiguo |
